| 000 | 00736nam a2200277 a 4500 | ||
|---|---|---|---|
| 003 | AR-BaBNM | ||
| 005 | 20251128204649.0 | ||
| 008 | 082120s2002 ||||||||||||||000 | spa|| | ||
| 020 | _a950-595-110-8 | ||
| 040 | _cAR-BaBNM | ||
| 100 | 1 | _aPastor, Doris | |
| 245 | 0 | 0 |
_aLa obra del buen pastor _b"camino al sol" |
| 250 | _a1ª ed. | ||
| 260 |
_aBuenos Aires _bTekne _c1993 |
||
| 300 |
_a101 p. _bláms. |
||
| 490 | 0 | _aPsicología y educación | |
| 650 | 4 | _aEDUCACION ESPECIAL | |
| 650 | 4 | _aDESARROLLO DEL NIÑO | |
| 650 | 4 | _aDESARROLLO MOTOR | |
| 650 | 4 | _aDESARROLLO MENTAL | |
| 650 | 4 | _aDETECCION DE DEFICIENCIAS | |
| 653 | _aDISCAPACIDAD MENTAL | ||
| 800 | 1 |
_aCatena, Martha _edirector |
|
| 942 | _cBK | ||
| 998 | _cCarmen | ||
| 999 |
_c8295 _d8295 |
||